Least Visited Caribbean Island (2017, Ranked) - Statistics

General Stats
  • This quiz has been taken 8 times
  • The average score is 4 of 10
Answer Stats
Rank (least visited) Island % Correct
10th Grenada
67%
1st Montserrat
50%
2nd Saba
50%
3rd Sint Eustatius
50%
4th St Barthelemy
50%
8th St Kitts & Nevis
50%
5th St Vincent & the Grenadines
50%
7th Dominica
33%
6th Anguilla
17%
9th Bonaire
17%
No matching quizzes found
Score Distribution
Percent of People with Each Score
Percentile by Number Answered
Your Score History
You have not taken this quiz